[Event "Saarland-ch A"]
[Site "Saarlouis Steinrausch"]
[Date "2005.03.26"]
[Round "9"]
[White "Paulus, Stefan"]
[Black "Schmitt, Adolf"]
[Result "1-0"]
[WhiteElo "1809"]
[BlackElo "1766"]
[PlyCount "91"]
[EventDate "2005.03.18"]
[EventType "swiss"]
[EventRounds "9"]
[EventCountry "GER"]
[SourceTitle "EXT 2012"]
[Source "ChessBase"]
[SourceDate "2011.11.24"]
[SourceVersion "1"]
[SourceVersionDate "2011.11.24"]
[SourceQuality "1"]

1. c4 e5 2. Nc3 Nf6 3. Nf3 d6 4. g3 Be7 5. Bg2 c6 6. 0-0 0-0 7. e4 Bg4 8. d4 Qc7 9. h3 Bxf3 10. Bxf3 Nbd7 11. b3 Rfe8 12. Be3 Bf8 13. Rc1 b6 14. Re1 Rad8 15. Bg2 g6 16. Qd2 Bg7 17. d5 c5 18. Rf1 a6 19. Bg5 Rb8 20. a4 Kh8 21. h4 Ng8 22. Bh3 h6 23. Be3 Rf8 24. Kg2 Kh7 25. f4 h5 26. f5 Bh6 27. Rf3 Bxe3 28. Qxe3 Kg7 29. Rcf1 Qd8 30. Qg5 Qxg5 31. hxg5 gxf5 32. exf5 f6 33. g6 Ne7 34. Ne4 Nc8 35. Kf2 Rh8 36. Re3 a5 37. Rh1 Rb7 38. Kf3 Nb8 39. Re2 Rd7 40. Reh2 Rdd8 41. g4 hxg4+ 42. Bxg4 Rxh2 43. Rxh2 Rh8 44. Rxh8 Kxh8 45. Nxf6 Na6 46. Ne8 1-0

[Event "Saarland-ch A"]
[Site "Saarlouis Steinrausch"]
[Date "2005.03.22"]
[Round "5"]
[White "Kunz, Pawel"]
[Black "Paulus, Stefan"]
[Result "1/2-1/2"]
[WhiteElo "1727"]
[BlackElo "1809"]
[PlyCount "117"]
[EventDate "2005.03.18"]
[EventType "swiss"]
[EventRounds "9"]
[EventCountry "GER"]
[SourceTitle "EXT 2012"]
[Source "ChessBase"]
[SourceDate "2011.11.24"]
[SourceVersion "1"]
[SourceVersionDate "2011.11.24"]
[SourceQuality "1"]

1. e4 c5 2. Nf3 e6 3. d4 cxd4 4. Nxd4 d6 5. Nc3 Nf6 6. Be3 a6 7. Be2 Be7 8. 0-0 0-0 9. f3 Qc7 10. Nb3 Nc6 11. Rc1 b6 12. Na4 Nd7 13. c4 Bb7 14. f4 Rab8 15. Qe1 Rfe8 16. Qf2 Nc5 17. Naxc5 bxc5 18. Bh5 Bf6 19. e5 dxe5 20. Nxc5 g6 21. Be2 Bc8 22. b3 Nd4 23. Ne4 Nxe2+ 24. Qxe2 Bg7 25. Rcd1 f5 26. Nd6 Rd8 27. Nxc8 Rbxc8 28. Qf2 Qc6 29. fxe5 Bxe5 30. Bg5 Rd7 31. Qe3 Bg7 32. Rd2 Rxd2 33. Qxd2 Qe4 34. Re1 Qd4+ 35. Kf1 Qxd2 36. Bxd2 Kf7 37. Rc1 Ke8 38. a4 Kd7 39. b4 Bd4 40. Ke2 Kc6 41. Be3 Be5 42. b5+ Kb7 43. g3 axb5 44. axb5 Ra8 45. Rc2 Ra3 46. c5 Rc3 47. c6+ Kc7 48. Rxc3 Bxc3 49. Kd3 Bf6 50. Kc4 g5 51. Bd4 Be7 52. Be5+ Bd6 53. Kd4 h5 54. Bf6 h4 55. gxh4 gxh4 56. Bxh4 Bxh2 57. Bf6 Kd6 58. Bd8 Bg1+ 59. Kd3 1/2-1/2

[Event "Saarland-ch A"]
[Site "Saarlouis Steinrausch"]
[Date "2005.03.18"]
[Round "1"]
[White "Paulus, Stefan"]
[Black "Pitsch, Wolfgang"]
[Result "1/2-1/2"]
[WhiteElo "1809"]
[BlackElo "1713"]
[PlyCount "48"]
[EventDate "2005.03.18"]
[EventType "swiss"]
[EventRounds "9"]
[EventCountry "GER"]
[SourceTitle "EXT 2012"]
[Source "ChessBase"]
[SourceDate "2011.11.24"]
[SourceVersion "1"]
[SourceVersionDate "2011.11.24"]
[SourceQuality "1"]

1. e4 c6 2. d4 d5 3. exd5 cxd5 4. c4 Nf6 5. Nc3 e6 6. Nf3 Be7 7. Bf4 Bd7 8. c5 Qa5 9. Bd3 b6 10. cxb6 Qxb6 11. Qe2 0-0 12. 0-0 Nc6 13. Rfd1 Nb4 14. Bb1 Rfc8 15. Ne5 Be8 16. h3 Nc6 17. Nxc6 Bxc6 18. a3 Bb7 19. Rd2 Ba6 20. Qd1 Bc4 21. Bc2 Bd6 22. Na4 Qb8 23. Bxd6 Qxd6 24. Nc5 Nd7 1/2-1/2